| 000 | 00329nam a22001217a 4500 | ||
|---|---|---|---|
| 082 |
_a921.0297 _bAHM |
||
| 100 | _aAhmed, Akbar | ||
| 245 |
_aThe Flying Man : _bphilosophers of the golden age of Islam / _cAkbar Ahmed |
||
| 260 |
_aLahore: _bVanguard Books, _c2021. |
||
| 300 | _a124 p. | ||
| 563 | _aHB. | ||
| 942 |
_2ddc _cBK |
||
| 999 |
_c614090 _d614090 |
||